L'ensenyament de la composició escrita

Guardado en:
Detalles Bibliográficos
Autor principal: Camps, Anna (Autor)
Formato: Libro
Lenguaje:catalán
Publicado: Barcelona Barcanova 1994
Colección:Educació. Serie Major, 7
Materias:
Etiquetas: Agregar Etiqueta
Sin Etiquetas, Sea el primero en etiquetar este registro!

MARC

LEADER 00000nam a2200000 a 4500
001 UCO6076
003 CL-VaPUC
008 001006e19940000SP |||||||||||||||||cat|d
082 0 4 |a 372.623  |b CAM  |2 21 
100 0 |a Camps, Anna  |e author  |9 226 
245 1 2 |a L'ensenyament de la composició escrita 
300 |a 395 p 
942 |c BK 
945 |d 20001006 00:00:00  |a vberengu 
260 |a Barcelona  |b Barcanova  |c 1994 
650 7 |a COMPOSICION  |2 CL-VaPUC  |9 262958 
650 7 |a EJERCICIO DE REDACCION  |2 CL-VaPUC  |9 450915 
650 0 |a Escritura  |9 264941 
650 0 |a Redacción   |9 320524 
583 |a last modification  |c 20001006 00:00:00  |k Rodrigo Vera 
490 0 |a Educació. Serie Major, 7 
999 |c 291866  |d 291864 
952 |0 0  |1 0  |4 0  |6 372_623000000000000_CAM_1994  |7 0  |8 A  |9 342139  |a FDOPOS  |b FDOPOS  |d 2019-11-20  |i 3642550  |o 372.623 CAM 1994  |p 3642550  |r 2025-01-22  |w 2019-11-20  |y BK  |k MLA